El plan de marketing de 1-página : consigue nuevos clientes, gana más dinero, y destaca entre la multitud /
Obra en que se ofrece un método para crear un plan de mercadotecnia sistematizado en una sola hoja, dividida en nueve cuadros a partir de los cuales se trazan las rutas para conseguir dinero y asegurar un futuro para el negocio.
Na minha lista:
| Autor principal: | |
|---|---|
| Formato: | Livro |
| Idioma: | espanhol |
| Publicado em: |
Miami, EUA :
Succeswise,
2019, c2019
|
| Assuntos: | |
| Tags: |
Sem tags, seja o primeiro a adicionar uma tag!
|
MARC
| LEADER | 00000nam^a2200000^a^4500 | ||
|---|---|---|---|
| 001 | 000421134 | ||
| 005 | 20250521000000.0 | ||
| 009 | 20260310122529.596 | ||
| 020 | |a 978-1-17333012-0-6 | ||
| 037 | |a Acervo ITESO - Biblioteca | ||
| 041 | |a ESP | ||
| 082 | |a 658. 802 |b DIB | ||
| 100 | |a Dib, Allan |e (autor) | ||
| 245 | 1 | 3 | |a El plan de marketing de 1-página : |b consigue nuevos clientes, gana más dinero, y destaca entre la multitud / |c A. Dib . |
| 264 | 4 | |a Miami, EUA : |b Succeswise, |c 2019, c2019 | |
| 300 | |a 227 p. | ||
| 336 | |a texto |b txt |2 rdacontenido | ||
| 337 | |a sin mediación |b n |2 rdamedio | ||
| 338 | |a volumen |b nc |2 rdasoporte | ||
| 500 | |a Traducción de: The 1-Page Marketing Plan: Get New Customers, Make More Money, and Stand out from the Crowd | ||
| 520 | |a Obra en que se ofrece un método para crear un plan de mercadotecnia sistematizado en una sola hoja, dividida en nueve cuadros a partir de los cuales se trazan las rutas para conseguir dinero y asegurar un futuro para el negocio. | ||
| 521 | |a 2013 BO Licenciatura en Administración de Empresas y Emprendimiento | ||
| 649 | |a XX | ||
| 650 | |a Identidad Corporativa | ||
| 650 | |a Relaciones Públicas - |x Tema Principal | ||
| 650 | |a Comunicación Organizacional | ||
| 650 | |a Estrategia Mercadotécnica - |x Tema Principal | ||
| 650 | |a Planeación Estratégica - |x Tema Principal | ||
| 650 | |a Planeación Administrativa | ||
| 650 | |a Mercadotecnia | ||
| 650 | |a Ciencias Administrativas | ||
| 910 | |a Fondo General | ||
| 920 | |a Impresos - Libros | ||
| 930 | |a Colección General | ||
| 905 | |a 101 | ||
| 901 | |a 0500340356 |b IT1 |c ACC |i C172655 |u 20250521 | ||
| 901 | |a 0500340359 |b IT1 |c ACC |i C172656 |u 20250521 | ||
| 902 | |a https://opac.biblio.iteso.mx/vufind/Record/000421134 | ||